000 00779nam a2200253Ia 4500
999 _c53679
_d53679
001 20726
003 GE_BSU
005 20221114120428.0
008 181216s2012||||xx |||||||||||||| ||eng||
020 _a9780199226092x
040 _cGE_BSU
041 _aeng
080 _a327 W-66
100 _aWiener, Antje
_910395
245 _aEuropean Integration Theory /
_cAntje Wiener, Thomas Diez.
264 _aOxford :
_bOxford University Press,
_c2009.
300 _a295 p. ;
_c25 cm.
541 _h96 Gel.
653 _aEuropean Integration Theory
653 _aТеория европейской интеграции
653 _aევროპული ინტეგრაციის თეორია
700 _aDiez, Thomas
_eBy
_910385
942 _cBK
_2udc